000 00823nam a22002417a 4500
005 20140721143037.0
010 _aENG-109938
020 _a9789380408958
_c325.00
035 _aEN-93471
035 _aB-534635-642
037 _bDBAD/PUB
037 _bStar Pub/Ven
_adpl
082 _a006.312
100 _aChawla, Aditi
245 _aData mining and warehousing /
_cby Aditi Chawla [and] Deepti Sachdeva
260 _aNew Delhi
_bAcme Learning
_c2013
270 _a2/8, Ansari Road, Daryaganj
_bNew Delhi
_e110002
300 _axx,369p. :
_c24cm(pbk)
_bill.
500 _aIncludes bibliographical references and index
700 _aSachdeva, Deepti
942 _2ddc
_cEN
_mCHA
_h006.312
999 _c84064
_d84064